| 000 | 00856nam a2200217Ia 4500 | ||
|---|---|---|---|
| 008 | 191130s1999##################000#0#eng## | ||
| 020 | _a9780140447507 | ||
| 022 | _a98041172 | ||
| 040 |
_aACL _cACL |
||
| 082 | _a306.362 CUG | ||
| 245 |
_aThoughts and sentiments on the evil of slavery and other writings _cQuobna Ottobah Cugoano ; edited with an introduction and notes by Vincent Carretta |
||
| 260 |
_aLondon _bPenguin Books _cc1999 |
||
| 300 | _axxxvi, 198 p. : ill. ; 20 cm. | ||
| 500 | _aOriginally published : Thoughts and sentiments on the evil and wicked traffic of the slavery and commerce of the human species ... London, 1787. Includes bibliographical references | ||
| 650 | _aSlavery | ||
| 700 | _aCarretta, Vincent | ||
| 700 | _aCugoano, Ottobah | ||
| 990 | _aafbac3f8ac10000c6d40d8badd2d44e6 | ||
| 991 | _a223396 | ||
| 999 |
_c78653 _d78653 |
||